MARC details
| 000 -LEADER |
| fixed length control field |
01019nam a22003017a 4500 |
| 003 - CONTROL NUMBER IDENTIFIER |
| control field |
SEM |
| 005 - DATE AND TIME OF LATEST TRANSACTION |
| control field |
20220608074941.0 |
| 008 - FIXED-LENGTH DATA ELEMENTS--GENERAL INFORMATION |
| fixed length control field |
220126m1996 it ||||gr|||||001 0 eng|d |
| 020 ## - INTERNATIONAL STANDARD BOOK NUMBER |
| International Standard Book Number |
8876535950 (Vol. 1, Part 1,2) |
| 020 ## - INTERNATIONAL STANDARD BOOK NUMBER |
| International Standard Book Number |
8876535950 (Vol. 2, Part 3) |
| 040 ## - CATALOGING SOURCE |
| Original cataloging agency |
SEM |
| Transcribing agency |
SEM |
| 041 ## - LANGUAGE CODE |
| Language code of text/sound track or separate title |
eng |
| 080 ## - UNIVERSAL DECIMAL CLASSIFICATION NUMBER |
| Universal Decimal Classification number |
809.245/J-80 |
| 100 ## - MAIN ENTRY--PERSONAL NAME |
| Personal name |
Jouon Paul , S. J. |
| 245 ## - TITLE STATEMENT |
| Title |
A Grammar of Biblical Hebrew / |
| Statement of responsibility, etc. |
P. Jouon |
| 246 ## - VARYING FORM OF TITLE |
| Title proper/short title |
Second, |
| Remainder of title |
reprint edition |
| 260 ## - PUBLICATION, DISTRIBUTION, ETC. |
| Place of publication, distribution, etc. |
Roma : |
| Name of publisher, distributor, etc. |
Editrice Pontificio Istituto Biblico, |
| Date of publication, distribution, etc. |
1996- |
| 300 ## - PHYSICAL DESCRIPTION |
| Extent |
Vol. ; |
| Dimensions |
24 cm |
| 490 ## - SERIES STATEMENT |
| Series statement |
Subsidia Biblica |
| Volume/sequential designation |
14/1,2 |
| 504 ## - BIBLIOGRAPHY, ETC. NOTE |
| Bibliography, etc. note |
Vol. 2, Part 3 - Indexes p.: 689-779 |
| 505 ## - FORMATTED CONTENTS NOTE |
| Formatted contents note |
Vol. 1, Part 1, 2 - |
| Title |
Orthography and phonetics; Morphology. |
| Statement of responsibility |
/Trl.: T. Muraoka.- |
| Miscellaneous information |
1996.- XXXXV+352 p. |
| 505 ## - FORMATTED CONTENTS NOTE |
| Formatted contents note |
Vol. 2, Part 3 - |
| Title |
Paradigms and indices. |
| Statement of responsibility |
/Trl.: T. Muraoka.- |
| Miscellaneous information |
1996.- 353-779 p. |
| 650 ## - SUBJECT ADDED ENTRY--TOPICAL TERM |
| Topical term or geographic name entry element |
Linguistics |
| General subdivision |
Hebrew |
| 653 ## - INDEX TERM--UNCONTROLLED |
| Uncontrolled term |
ՍԷՄ |
| 700 ## - ADDED ENTRY--PERSONAL NAME |
| Personal name |
Muraoka T. |
| Relator term |
trl. |
| 830 ## - SERIES ADDED ENTRY--UNIFORM TITLE |
| Uniform title |
Subsidia Biblica |
| Version |
14/1,2 |
| 942 ## - ADDED ENTRY ELEMENTS (KOHA) |
| Source of classification or shelving scheme |
Universal Decimal Classification |
| Koha item type |
Գրքեր/Books |